Los regentes de Buenos Aires: la reforma judicial indiana de 1776

Αποθηκεύτηκε σε:
Λεπτομέρειες βιβλιογραφικής εγγραφής
Κύριος συγγραφέας: Martiré, Eduardo (autor)
Μορφή: Βιβλίο
Γλώσσα:Ισπανικά
Έκδοση: Buenos Aires Universidad de Buenos Aires 1981
Σειρά:Colección del IV Centenario de Buenos Aires, 4
Θέματα:
Ετικέτες: Προσθήκη ετικέτας
Δεν υπάρχουν, Καταχωρήστε ετικέτα πρώτοι!

MARC

LEADER 00000nam a2200000 a 4500
001 UCX1978
003 CL-VaPUC
008 901210e19810000AG |||||||||||||||||spa|d
082 0 4 |a 349.82  |b MAR  |2 21 
100 |a Martiré, Eduardo  |e autor  |9 529951 
245 1 4 |a Los regentes de Buenos Aires: la reforma judicial indiana de 1776 
300 |a 366 p 
942 |c BK 
945 |d 19901210 00:00:00  |a aalvarez 
260 |a Buenos Aires  |b Universidad de Buenos Aires  |c 1981 
650 0 |a Historia  |9 255047 
650 7 |a REFORMA JURIDICA  |2 CL-VaPUC  |9 317706 
650 0 |a Derecho Indiano  |9 256266 
651 0 |a Argentina  |9 254888 
583 |a last modification  |c 19901210 00:00:00  |k Rodrigo Vera 
490 0 |a Colección del IV Centenario de Buenos Aires, 4 
999 |c 223095  |d 223093 
952 |0 0  |1 0  |4 0  |6 349_820000000000000_MAR_1981  |7 0  |8 A  |9 218560  |a BIBHIS  |b BIBHIS  |d 2019-11-15  |i 2873729  |o 349.82 MAR 1981  |p 2873729  |r 2025-01-20  |w 2019-11-15  |y BK  |k HIS 
952 |0 0  |1 0  |4 0  |6 349_820000000000000_MAR_1981  |7 0  |8 DER_HDC  |9 218561  |a BIBDER  |b BIBDER  |d 2019-11-15  |i 2969866  |o 349.82 MAR 1981  |p 2969866  |r 2023-01-25  |w 2019-11-15  |x Ubicación 4to Piso  |y BK  |z Estos recursos deben solicitarse con anticipación  |k DER 
952 |0 0  |1 0  |4 0  |6 349_820000000000000_MAR_1981  |7 0  |8 DER_HDC  |9 218562  |a BIBDER  |b BIBDER  |d 2019-11-15  |i 1892762  |o 349.82 MAR 1981  |p 1892762  |r 2023-01-25  |w 2019-11-15  |x Ubicación 4to Piso  |y BK  |z Estos recursos deben solicitarse con anticipación  |k DER